The transition period /

Bibliographic Details
Main Author: Smith, G. Gregory (George Gregory), 1865-1932
Format: Book
Language:English
Published: Edinburgh, London : W. Blackwood and sons, 1900.
Series:Periods of European literature, IV
Subjects:

MARC

Tag First Indicator Second Indicator Subfields
LEADER 00000cam a2200000 4500
001 in00000022089
005 20151007063845.0
008 760908s1900 stk 00010 eng
010 |a  01025402  
035 |a (OCoLC)02418431 
035 |9 AAD8433AM 
040 |a DLC  |c WHE  |d TXA  |d UtOrBLW 
049 |a TXAM  |c [2966] 
050 0 |a PN731  |b .S5 
092 |a 809  |b S648t 
100 1 |a Smith, G. Gregory  |q (George Gregory),  |d 1865-1932. 
245 1 4 |a The transition period /  |c by G. Gregory Smith. 
264 1 |a Edinburgh,  |a London :  |b W. Blackwood and sons,  |c 1900. 
300 |a xv, 422 pages ;  |c 20 cm. 
336 |a text  |b txt  |2 rdacontent 
337 |a unmediated  |b n  |2 rdamedia 
338 |a volume  |b nc  |2 rdacarrier 
490 0 |a Periods of European literature, IV 
650 0 |a Literature, Modern  |y 15th and 16th centuries  |x History and criticism. 
650 0 |a Literature, Medieval  |x History and criticism. 
999 |a MARS 
999 f f |s b92ce3ed-2e06-31ae-b04c-809fe3f3ca35  |i af52aa11-4add-3c0a-bd76-03d0c4da4d44  |t 0 
952 f f |p ric  |a Texas A&M University  |b Rellis Campus  |c Joint Library Facility  |d Remote Storage  |t 0  |e PN731 .S5  |h Library of Congress classification  |i unmediated -- volume  |m A14801205723 
998 f f |a PN731 .S5  |t 0  |l Remote Storage